000 01593pab a2200157 454500
008 180718b1999 xxu||||| |||| 00| 0 eng d
100 _aLee, Jennifer
245 _aRetail niche domination among African American, Jewish, and Korean entrepreneurs: competition, coethnic advantage and disadvantage
260 _c1999
300 _ap.1398-1416
362 _aJun-Jul
520 _aDo immigrant entrepreneurs who open business in predominantly Black neighborhoods take business opportunities away from African Americans in the community? Given the prevalence of immigrant-owned businesses, one may assume that immigrant groups such as Koreans, Jews, Chinese, and Asian Indians compete with African American entrepreneurs, thereby inhibiting African American small-business development. However, immigrant groups enter and dominate retail niches different from those of African Americans, and because ethnic groups cluster in different industries, competition is more likely to be intra-ethnic. However, competition is more nuanced and manifests in subtle ways. Entrepreneurship is embedded in ethnic networks that act as coethnic advantages for some and blocked opportunities for others. The article examines why African Americans, Jews, and Koreans enter different retail niches and explores the coethnic advantages and disadvantages of niche domination. The article also illustrates how niches remain closed to outsiders, resulting in business disadvantage or exclusion from certain niches. - Reproduced
650 _aImmigration
773 _aAmerican Behavioral Scientist
909 _a41797
999 _c41797
_d41797